[Event "ENG-ch Seniors 65"]
[Site "Leamington Spa"]
[Date "2023.05.05"]
[Round "3"]
[White "Baguley, John"]
[Black "Erdogan, Hassan"]
[Result "0-1"]
[WhiteElo "1811"]
[BlackElo "1831"]
[PlyCount "76"]
[EventDate "2023.05.04"]
[EventType "swiss"]
[EventRounds "7"]
[EventCountry "ENG"]
[SourceTitle "CBM 214 Extra"]
[Source "ChessBase"]
[SourceDate "2023.07.31"]
[SourceVersion "1"]
[SourceVersionDate "2023.07.31"]
[SourceQuality "1"]

1. d4 d6 2. Bf4 Nf6 3. e3 e6 4. Nd2 Be7 5. Bd3 0-0 6. Ngf3 Nbd7 7. Qe2 b6 8. h4 c5 9. c3 cxd4 10. exd4 Bb7 11. h5 Re8 12. h6 g6 13. 0-0-0 Rc8 14. Rdg1 Bf8 15. Bg5 Qc7 16. Kb1 Be7 17. Bf4 Rcd8 18. Bxg6 hxg6 19. h7+ Kh8 20. Ng5 Rf8 21. Ndf3 Nh5 22. Bc1 Ng7 23. Rh2 Bf6 24. Rgh1 e5 25. dxe5 dxe5 26. Ne4 Bxe4+ 27. Qxe4 Nc5 28. Qg4 Qd7 29. Qc4 Qd3+ 30. Qxd3 Nxd3 31. Bh6 Nxf2 32. Rf1 Ng4 33. Bxg7+ Bxg7 34. Rhh1 f5 35. Ng5 Rd6 36. Kc1 Bh6 37. Rxh6 Nxh6 38. Re1 e4 0-1

[Event "Wch Seniors 65 30th"]
[Site "Assisi"]
[Date "2022.11.16"]
[Round "2"]
[White "Erdogan, Hassan"]
[Black "Blomstrom, Lars"]
[Result "1/2-1/2"]
[WhiteElo "1823"]
[BlackElo "2111"]
[PlyCount "56"]
[EventDate "2022.11.15"]
[EventType "swiss"]
[EventRounds "11"]
[EventCountry "ITA"]
[SourceTitle "CBM 211 Extra"]
[Source "ChessBase"]
[SourceDate "2023.01.31"]
[SourceVersion "1"]
[SourceVersionDate "2023.01.31"]
[SourceQuality "1"]

1. d4 Nf6 2. Nf3 g6 3. e3 Bg7 4. Bd3 0-0 5. 0-0 d6 6. b3 Nbd7 7. Bb2 e5 8. Nbd2 Re8 9. dxe5 Ng4 10. Rb1 Ngxe5 11. Be2 Qe7 12. Nc4 Nxc4 13. Bxc4 Bxb2 14. Rxb2 c6 15. Re1 d5 16. Bf1 Nf6 17. c4 dxc4 18. Bxc4 Ne4 19. Qc1 a5 20. Nd2 a4 21. Nxe4 Qxe4 22. bxa4 Rxa4 23. Bb3 Ra5 24. f3 Qe7 25. e4 Qc5+ 26. Qxc5 Rxc5 27. Rd1 Kg7 28. Rbd2 Rce5 1/2-1/2

[Event "ENG-ch Seniors 50"]
[Site "Milton Keynes"]
[Date "2021.10.06"]
[Round "3"]
[White "Duncan, Christopher R"]
[Black "Erdogan, Hassan"]
[Result "0-1"]
[WhiteElo "2225"]
[BlackElo "1842"]
[PlyCount "109"]
[EventDate "2021.10.04"]
[EventType "swiss"]
[EventRounds "7"]
[EventCountry "ENG"]
[SourceTitle "EXT 2023"]
[Source "ChessBase"]
[SourceDate "2022.10.05"]
[SourceVersion "1"]
[SourceVersionDate "2022.10.05"]
[SourceQuality "1"]

1. Nf3 d6 2. d4 Nf6 3. c4 Nbd7 4. Nc3 e5 5. Bg5 c6 6. e3 Be7 7. Qc2 a5 8. Bd3 Qc7 9. 0-0 0-0 10. Bxh7+ Kh8 11. Bf5 Nb6 12. c5 dxc5 13. dxe5 Nfd5 14. Rfd1 Nxc3 15. bxc3 Bxg5 16. Nxg5 g6 17. Qe4 Kg7 18. Bxc8 Raxc8 19. f4 Rce8 20. Rd6 Qxd6 21. exd6 Rxe4 22. Nxe4 Nd7 23. Kf2 Re8 24. Kf3 b5 25. g4 Rh8 26. Rh1 c4 27. h4 Nb6 28. Nc5 Rd8 29. Rd1 Nd5 30. Nb7 Rd7 31. Nxa5 Nxc3 32. Rd2 f5 33. gxf5 gxf5 34. Nxc6 Ne4 35. Rg2+ Kf8 36. Nd4 Rxd6 37. Nxb5 Rb6 38. Nd4 c3 39. Nxf5 Nd2+ 40. Ke2 Rb2 41. Nd4 Nb3+ 42. Kd3 Nxd4 43. Rg5 Ne2 44. Rc5 Rd2+ 45. Kc4 c2 46. Kb5 c1Q 47. Rxc1 Nxc1 48. a4 Nb3 49. Kc4 Na5+ 50. Kc3 Rh2 51. Kb4 Nb7 52. Kb5 Rxh4 53. Kb6 Nd6 54. a5 Nc4+ 55. Kb5 0-1

[Event "Wch Seniors 50 29th"]
[Site "Bucharest"]
[Date "2019.11.20"]
[Round "8"]
[White "Mirza, Gabriel"]
[Black "Erdogan, Hassan"]
[Result "1-0"]
[WhiteElo "1616"]
[BlackElo "1909"]
[PlyCount "75"]
[EventDate "2019.11.12"]
[EventType "swiss"]
[EventRounds "11"]
[EventCountry "ROU"]
[SourceTitle "CBM 193 Extra"]
[Source "ChessBase"]
[SourceDate "2020.01.31"]
[SourceVersion "1"]
[SourceVersionDate "2020.01.31"]
[SourceQuality "1"]

1. e4 c5 2. Nf3 g6 3. d4 cxd4 4. Qxd4 Nf6 5. e5 Nc6 6. Qh4 Nxe5 7. Nd4 Bg7 8. c3 0-0 9. f4 Nc6 10. Nf3 d5 11. Be2 d4 12. 0-0 Bf5 13. Kh1 Qb6 14. Nbd2 dxc3 15. bxc3 Qc5 16. Nc4 Be4 17. Ba3 Qb5 18. Ng5 Qa4 19. Nxe4 Nxe4 20. Rab1 b5 21. Bxe7 Nxe7 22. Rb4 Nf5 23. Qh3 Qa6 24. Ne5 Qxa2 25. Rxe4 Nd6 26. Re3 a5 27. Nc6 a4 28. Bf3 Rae8 29. Ne7+ Kh8 30. Bd5 Qb2 31. Qh4 Rxe7 32. Rh3 h6 33. Qxe7 Nf5 34. Qe1 a3 35. Rf2 Bxc3 36. Rxc3 b4 37. Rxb2 axb2 38. Rb3 1-0

[Event "Wch Seniors 50 29th"]
[Site "Bucharest"]
[Date "2019.11.19"]
[Round "7"]
[White "Erdogan, Hassan"]
[Black "Vladescu, Viorel Ovidiu"]
[Result "1/2-1/2"]
[WhiteElo "1909"]
[BlackElo "1725"]
[PlyCount "106"]
[EventDate "2019.11.12"]
[EventType "swiss"]
[EventRounds "11"]
[EventCountry "ROU"]
[SourceTitle "CBM 193 Extra"]
[Source "ChessBase"]
[SourceDate "2020.01.31"]
[SourceVersion "1"]
[SourceVersionDate "2020.01.31"]
[SourceQuality "1"]

1. d4 e6 2. Bf4 Nf6 3. e3 b6 4. h3 Bb7 5. Nf3 Be7 6. Bd3 d6 7. Nbd2 Nh5 8. Bh2 g6 9. 0-0 0-0 10. c3 Nd7 11. e4 Rc8 12. Qe2 Ng7 13. Ba6 Bxa6 14. Qxa6 Ra8 15. Qd3 Bf6 16. Rfe1 e5 17. Rad1 Ne6 18. dxe5 Nxe5 19. Nxe5 Bxe5 20. Bxe5 dxe5 21. Nc4 Qxd3 22. Rxd3 f6 23. Rd7 Rad8 24. Red1 Rxd7 25. Rxd7 Rf7 26. Rd2 Kf8 27. Ne3 Ke8 28. f3 Nf4 29. h4 Rd7 30. Rxd7 Kxd7 31. g3 Nh5 32. Kf2 c6 33. Nf1 Ke6 34. Ke3 f5 35. exf5+ gxf5 36. Kf2 Nf6 37. Nd2 Kd5 38. Ke3 b5 39. b3 Kc5 40. a3 a5 41. Kd3 Nh5 42. g4 Nf4+ 43. Ke3 Ng2+ 44. Kf2 Nxh4 45. Kg3 fxg4 46. Kxh4 gxf3 47. Kg3 Kd5 48. Kxf3 c5 49. Ne4 b4 50. axb4 axb4 51. Ke3 c4 52. bxc4+ Kxc4 53. cxb4 Kxb4 1/2-1/2

[Event "Wch Seniors 50 29th"]
[Site "Bucharest"]
[Date "2019.11.16"]
[Round "5"]
[White "Erdogan, Hassan"]
[Black "Minescu, Dragos Olivar"]
[Result "0-1"]
[WhiteElo "1909"]
[BlackElo "2046"]
[PlyCount "41"]
[EventDate "2019.11.12"]
[EventType "swiss"]
[EventRounds "11"]
[EventCountry "ROU"]
[SourceTitle "CBM 193 Extra"]
[Source "ChessBase"]
[SourceDate "2020.01.31"]
[SourceVersion "1"]
[SourceVersionDate "2020.01.31"]
[SourceQuality "1"]

1. d4 c5 2. d5 e5 3. e4 d6 4. c4 Be7 5. Be2 Bg5 6. Nf3 Bxc1 7. Qxc1 Ne7 8. 0-0 0-0 9. Nc3 Na6 10. Nd1 f5 11. exf5 Nxf5 12. Nc3 Nc7 13. Ne4 a6 14. Bd3 b5 15. b3 h6 16. Qc2 Rb8 17. Rad1 Ne8 18. Kh1 g5 19. h3 Neg7 20. g4 Ne7 21. Rde1 0-1

[Event "Wch Seniors 50 29th"]
[Site "Bucharest"]
[Date "2019.11.14"]
[Round "3"]
[White "Erdogan, Hassan"]
[Black "Belmont Hernandez, Andres"]
[Result "0-1"]
[WhiteElo "1909"]
[BlackElo "2066"]
[PlyCount "92"]
[EventDate "2019.11.12"]
[EventType "swiss"]
[EventRounds "11"]
[EventCountry "ROU"]
[SourceTitle "CBM 193 Extra"]
[Source "ChessBase"]
[SourceDate "2020.01.31"]
[SourceVersion "1"]
[SourceVersionDate "2020.01.31"]
[SourceQuality "1"]

1. d4 Nf6 2. Nf3 g6 3. e3 Bg7 4. Bd3 c5 5. c3 b6 6. Nbd2 Bb7 7. 0-0 0-0 8. Qc2 d6 9. b3 Nc6 10. Bb2 Rc8 11. a3 e5 12. dxe5 dxe5 13. c4 Re8 14. Rfd1 Qe7 15. Ne4 Ng4 16. Be2 Rcd8 17. h3 Nf6 18. Nxf6+ Bxf6 19. Rxd8 Rxd8 20. Bc3 Nd4 21. Bxd4 exd4 22. Rd1 dxe3 23. Rxd8+ Qxd8 24. fxe3 Bg7 25. Qd3 Qxd3 26. Bxd3 Bb2 27. a4 h6 28. Kf2 Kg7 29. g4 Kf6 30. Bc2 Bc1 31. Bd3 h5 32. g5+ Ke7 33. Kg3 Kd6 34. e4 Bc8 35. Kg2 Bf4 36. Bc2 Bd7 37. Bd3 Bc6 38. Bc2 Ke6 39. Bd3 f6 40. gxf6 Kxf6 41. h4 Bd7 42. e5+ Bxe5 43. Nxe5 Kxe5 44. Bxg6 Bg4 45. Kg3 Bd1 46. Bf7 Kf5 0-1

[Event "Wch Seniors 50 29th"]
[Site "Bucharest"]
[Date "2019.11.12"]
[Round "1"]
[White "Erdogan, Hassan"]
[Black "Plotkin, Victor"]
[Result "0-1"]
[WhiteElo "1909"]
[BlackElo "2252"]
[PlyCount "80"]
[EventDate "2019.11.12"]
[EventType "swiss"]
[EventRounds "11"]
[EventCountry "ROU"]
[SourceTitle "CBM 193 Extra"]
[Source "ChessBase"]
[SourceDate "2020.01.31"]
[SourceVersion "1"]
[SourceVersionDate "2020.01.31"]
[SourceQuality "1"]

1. d4 d5 2. Bf4 Nf6 3. e3 e6 4. Bd3 Be7 5. Nd2 b6 6. c3 a5 7. h3 Ba6 8. Bxa6 Rxa6 9. Ngf3 0-0 10. 0-0 Nbd7 11. Ne5 Nxe5 12. dxe5 Nd7 13. Qe2 Qc8 14. e4 Nc5 15. a4 Rd8 16. exd5 Rxd5 17. Qg4 Ra8 18. Bh6 Qf8 19. Nc4 Nd3 20. Bf4 Rad8 21. b3 Qe8 22. Rab1 Qc6 23. Ne3 Nxf4 24. Qxf4 Rd3 25. c4 h6 26. Rfd1 Bg5 27. Rxd3 Rxd3 28. Qf3 Qxf3 29. gxf3 Bxe3 30. fxe3 Rxe3 31. f4 Rxh3 32. Kg2 Rd3 33. b4 axb4 34. Rxb4 Kh7 35. c5 bxc5 36. Rc4 Ra3 37. Kf2 h5 38. Rxc5 Rxa4 39. Kg3 Ra7 40. Kh4 Kg6 0-1

[Event "Gibraltar Challengers op-A"]
[Site "Caleta"]
[Date "2019.01.25"]
[Round "5"]
[White "Erdogan, Hassan"]
[Black "Sedgwick, David"]
[Result "1-0"]
[WhiteElo "1833"]
[BlackElo "2024"]
[PlyCount "121"]
[EventDate "2019.01.21"]
[EventType "swiss"]
[EventRounds "5"]
[EventCountry "GGB"]
[SourceTitle "CBM 188 Extra"]
[Source "ChessBase"]
[SourceDate "2019.02.26"]
[SourceVersion "1"]
[SourceVersionDate "2019.02.26"]
[SourceQuality "1"]

1. d4 d5 2. Bf4 Nf6 3. e3 c5 4. c3 e6 5. Nf3 Bd6 6. Bg3 cxd4 7. exd4 Bxg3 8. hxg3 Ne4 9. Nbd2 Qc7 10. Bd3 f5 11. Bxe4 fxe4 12. Ne5 0-0 13. Qh5 g6 14. Nxg6 Rf6 15. Ne5 Rf5 16. Qg4+ Qg7 17. Qe2 Nc6 18. Ng4 Rg5 19. Nh6+ Kh8 20. Qe3 Rg6 21. 0-0-0 e5 22. Nb3 Be6 23. Rh4 exd4 24. cxd4 Rc8 25. Kb1 Nb4 26. Rdh1 Nd3 27. g4 Qc7 28. Nc5 Nxc5 29. dxc5 Qe5 30. Nf5 Bg8 31. f4 Qf6 32. Nd6 Rf8 33. f5 Rg7 34. Rh6 Qe5 35. R1h5 d4 36. Qxe4 Qxe4+ 37. Nxe4 Rxg4 38. Nf6 Rg7 39. g4 d3 40. Kc1 Re7 41. Kd2 Rd8 42. Rh2 Kg7 43. g5 Re2+ 44. Rxe2 dxe2+ 45. Kxe2 Bc4+ 46. Ke3 Rh8 47. b3 Bf7 48. Rxh7+ Rxh7 49. Nxh7 Be8 50. Nf6 Bc6 51. Kd4 a5 52. a4 Bf3 53. Nd5 Bd1 54. Kc3 Bg4 55. Ne3 Bh3 56. b4 axb4+ 57. Kxb4 Kf7 58. Kb5 Bxf5 59. Nxf5 Kg6 60. Nd6 Kxg5 61. Nxb7 1-0

[Event "Wch Seniors 50 28th"]
[Site "Bled"]
[Date "2018.11.29"]
[Round "11"]
[White "Erdogan, Hassan"]
[Black "Cesar, Geovanny"]
[Result "0-1"]
[WhiteElo "1442"]
[BlackElo "1862"]
[PlyCount "112"]
[EventDate "2018.11.18"]
[EventType "swiss"]
[EventRounds "11"]
[EventCountry "SLO"]
[SourceTitle "EXT 2020"]
[Source "ChessBase"]
[SourceDate "2019.10.17"]
[SourceVersion "1"]
[SourceVersionDate "2019.10.17"]
[SourceQuality "1"]

1. d4 d5 2. Nf3 Nf6 3. Nbd2 Bf5 4. e3 e6 5. Bd3 Bg4 6. 0-0 Bd6 7. c4 c6 8. Qc2 Nbd7 9. b3 Rc8 10. c5 Bb8 11. Bb2 Qc7 12. Ne5 Bh5 13. f4 0-0 14. Ndf3 Bg6 15. Nxg6 hxg6 16. Rae1 Rfe8 17. b4 Ng4 18. g3 f5 19. Ne5 Ndxe5 20. fxe5 Kf7 21. a4 Rh8 22. h4 Rh5 23. Bc1 Rch8 24. Be2 Nh6 25. e4 Kg8 26. exd5 cxd5 27. Bxh5 gxh5 28. Bf4 Nf7 29. Rb1 Qe7 30. Qd2 Bc7 31. b5 Bd8 32. c6 b6 33. Bg5 Nxg5 34. Qxg5 Qf8 35. Qd2 Rh6 36. c7 Bxc7 37. Rbc1 Qe7 38. Qc3 Bd8 39. Qc8 Rg6 40. Kh2 Kh7 41. Qb8 Qa3 42. Rg1 Qb2+ 43. Rg2 Qxc1 44. Qxd8 f4 45. gxf4 Qxf4+ 46. Kg1 Qxd4+ 47. Kh2 Qxe5+ 48. Kg1 Qe1+ 49. Kh2 Rf6 50. Qe8 Qxh4+ 51. Kg1 Qd4+ 52. Kh2 Qxa4 53. Qd7 Qf4+ 54. Kg1 Qe3+ 55. Kh2 Rg6 56. Rxg6 Kxg6 0-1

[Event "Wch Seniors 50 28th"]
[Site "Bled"]
[Date "2018.11.20"]
[Round "3"]
[White "Erdogan, Hassan"]
[Black "Bouton, Christophe"]
[Result "0-1"]
[WhiteElo "1442"]
[BlackElo "1963"]
[PlyCount "96"]
[EventDate "2018.11.18"]
[EventType "swiss"]
[EventRounds "11"]
[EventCountry "SLO"]
[SourceTitle "CBM 187 Extra"]
[Source "ChessBase"]
[SourceDate "2018.11.04"]
[SourceVersion "1"]
[SourceVersionDate "2018.11.04"]
[SourceQuality "1"]

1. d3 d5 2. Nf3 Nf6 3. c3 g6 4. Qc2 Bg7 5. e4 0-0 6. Be2 c5 7. a4 Nc6 8. 0-0 Bg4 9. Bg5 Rc8 10. h3 Be6 11. Nbd2 Qd6 12. exd5 Bxd5 13. Ne4 Nxe4 14. dxe4 Be6 15. Rfd1 Qc7 16. Bh4 Na5 17. c4 Rcd8 18. Bg3 Qb6 19. Be5 Bxe5 20. Nxe5 Nb3 21. Rab1 Nd4 22. Qd3 Qb4 23. b3 f6 24. Nf3 Kg7 25. Nxd4 Rxd4 26. Qe3 Rfd8 27. Rxd4 Rxd4 28. Rd1 Rxd1+ 29. Bxd1 Qb6 30. g4 Qd6 31. Bc2 g5 32. Kg2 Bf7 33. Bd3 e5 34. Bc2 h5 35. f3 h4 36. Kf2 Kf8 37. Qd3 Qd4+ 38. Qxd4 exd4 39. f4 Ke7 40. Kf3 Be8 41. Bd1 Bc6 42. Be2 Kd6 43. Bd3 Kc7 44. f5 Kb6 45. Bc2 Ka5 46. Ke2 Kb4 47. Kd2 b6 48. Bd1 Bxe4 0-1